000 00342nam a2200145Ia 4500
008 230917s9999||||xx |||||||||||||| ||und||
040 _e148067
_aMAIN
041 _aEnglish
082 _a301.045 L969E
100 _aLukes, Steven
245 0 _aEmile durkheim
260 _aEngland
_bPenguin Books
_c1977
300 _a676p p.
942 _cBK
999 _c183351
_d183351